| 000 | 01057cab a2200301 4500 | ||
|---|---|---|---|
| 001 | WB3510-11 | ||
| 008 | 090401t1999 xxu||||| |||| 00| 0 eng d | ||
| 035 | _a(Sirsi) u91967 | ||
| 041 | _aeng | ||
| 245 | _aSafety enquiry into chimney flues | ||
| 260 | _c1999 | ||
| 350 | _a0 | ||
| 490 |
_aBuilding _v264 (8077) 5 March 1999, 14(1) |
||
| 520 | _aThe DETR has launched an urgent inquiry into the safety of real fire chimneys in thousands of new houses, following concerns about the safety of the UK's best selling concrete flue liner made by Dunbrik. Tests found that the product contained high proportions of silica sand, which is specifically rejected in the relevant British Standard (BS6461). | ||
| 650 | _aBS 6461 | ||
| 650 | _aCHIMNEYS | ||
| 650 | _aCONCRETE | ||
| 650 | _aDEFECTS | ||
| 650 | _aDETR | ||
| 650 | _aDUNBRIK | ||
| 650 | _aFLUE LINERS | ||
| 650 |
_aHEALTH AND SAFETY _96244 |
||
| 650 | _aNEW HOUSES | ||
| 650 | _aSILICA SAND | ||
| 690 | _aBUILT ENVIRONMENT-BUILDING MATERIALS | ||
| 942 | _n0 | ||
| 948 | _c11/03/1999 | ||
| 999 |
_c58317 _d58317 |
||